Communication, Body Language, and Gestures Around the World bakalárska práca

Salvato in:
Dettagli Bibliografici
Autore principale: Dzuriaková, Viktória
Ente Autore: Fakulta aplikovaných jazykov EU v Bratislave. Katedra interkultúrnej komunikácie
Altri autori: Stradiotová, Eva, 1963-
Natura: Libro
Lingua:inglese
Pubblicazione: Bratislava 2023
Tags: Aggiungi Tag
Nessun Tag, puoi essere il primo ad aggiungerne!!

MARC

LEADER 00000nbm a2200000 4500
001 0292843
005 20240828120402.8
041 0 |a eng 
044 |a SK 
245 1 0 |a Communication, Body Language, and Gestures Around the World  |b bakalárska práca  |c Viktória Dzuriaková ; školiteľ: Eva Stradiotová 
264 1 |a Bratislava  |c 2023 
300 |a 50 s. 
100 1 |a Dzuriaková, Viktória 
700 1 |a Stradiotová, Eva, 1963- 
710 2 |a Fakulta aplikovaných jazykov EU v Bratislave. Katedra interkultúrnej komunikácie